Countries by Silhouette Snippet #4 - Statistics

General Stats
  • This quiz has been taken 8 times
  • The average score is 9 of 16
Answer Stats
Picture Answer % Correct
Egypt
75%
Estonia
75%
Morocco
75%
North Korea
75%
Thailand
75%
Iran
63%
United Kingdom
63%
Afghanistan
50%
Cameroon
50%
Costa Rica
50%
Kyrgyzstan
50%
Paraguay
50%
Uzbekistan
50%
Mauritania
38%
Zambia
38%
Finland
25%
No matching quizzes found
Score Distribution
Percent of People with Each Score
Percentile by Number Answered
Your Score History
You have not taken this quiz